000 00579nam a22002417a 4500
003 UA-OsUOA
001 40616
007 ta
008 20060817b un ||||| |||| 00| 0 ukr d
100 _aКолмогоров А.М
090 _a512
_bК60
942 _cBK
040 _aUA-OsUOA
_bukr
_cUA-OsUOA
_dUA-OsUOA
245 _aЛгебра і початки аналізу
300 _a350 с.
955 _a2
041 _aukr
080 _a512
020 _a5-330-01738
260 _aК.
_bРад. шк.,
_c1992
650 7 _a512 Алгебра
_2UDC
999 _c326755
_d326755